الكهربائي / (Record no. 6629)

MARC details
000 -الفاتح
حقل البيانات ثابتة الطول 01016nac a22002531i 4500
003 - محدد رقم الضبط
رقم الضبط EG-ScBUE
005 - وقت وتاريخ اخر تعامل مع التسجيلة
رقم الضبط 20260512105327.0
008 - عناصر البيانات ثابتة الطول - معلومات عامة
حقل البيانات ثابتة الطول 101221s1959 ua a fr 000 0 ara d
040 ## - مصدر الفهرسة
وكالة الفهرسة الأصلية EG-ScBUE
لغة الفهرسة ara
قواعد الوصف rda
وكالة النسخ EG-ScBUE
وكالة التعديل EG-ScBUE
082 04 - رقم تصنيف ديوى العشرى
رقم التصنيف 537
رقم المادة ج م ع
رقم الطبعة 22
110 2# - المدخل الرئيسى - إسم هيئة
اسم الهيئة أو اسم السلطة كمدخل جمعية فتيان الكشافة المصرية.
وحده ملحقة اللجنة الفنية
245 12 - بيان العنوان
العنوان الكهربائي /
بيان المسئوليه,etc اللجنة الفنية، جمعية فتيان الكشافة المصرية.
264 #1 - النشر، التوزيع
مكان الناشر او الموزع القاهرة :
اسم الناشر او الموزع مطابع جريدة الصباح،
تاريخ النشر أو التوزيع 1959.
300 ## - الوصف المادى
التعداد 299 صفحة :
تفاصيل ماديه اخرى للوعاء إيضاحيات ؛
أبعاد الوعاء 20 سم.
336 ## - نوع المحتوى
source rdacontent
Carrier Type Term نص
Content Type Code txt
337 ## - نوع الوسيط
Media Type Term بدون وسيط
source rdamedia
Media Type Code n
338 ## - نوع الحامل أو الناقل
Carrier Type Term مجلد
Carrier Type Code nc
source rdacarrier
490 0# - بيان السلسلة
عنوان السلسلة فتيان الكشافة
541 ## - تبصرة المصدر المباشر للتزويد
مصدر التزويد إهداء ؛
طريقة التزويد مكتبة الإسكندرية ؛
650 #7 - المدخل الاضافى بالموضوع-مصطلح موضوعى
مصطلح موضوعي أو اسم جغرافي كعنصر مدخل الكهرباء.
9 (RLIN) 21586
مصدر الرأس أو المصطلح BUEsh
650 #7 - المدخل الاضافى بالموضوع-مصطلح موضوعى
مصطلح موضوعي أو اسم جغرافي كعنصر مدخل الدوائر الكهربائية.
9 (RLIN) 21976
مصدر الرأس أو المصطلح BUEsh
655 ## - مصطلح تكشيفى-نوع/شكل
التقسيم الفرعي الشكلي Reading book
942 ## - عناصر المدخل الإضافي( كوها)
Koha [default] item type Book - Borrowing
سابقة رقم الطلب 537 ج م ع
مصدر التصنيف او مخطط الترفيف Dewey Decimal Classification
Holdings
حالة التراجع حالة الفقد مصدر التصنيف او خطة الترفيف حالة تلف ليس للاعارة مجموعات كوها المكان الدائم المكان الحالي موقع الترفيف تاريخ الاكتساب Source of acquisition رقم الاستدعاء الباركود Date last seen نوع الوعاء
    Dewey Decimal Classification     Donation-Gift Central Library Central Library First floor 28/11/2007 Donation 537 ك هـ ر 000008092 15/07/2025 Book - Borrowing